000 00868nam a2200229Ia 4500
003 GCL
008 140319s9999 xx 000 0 ara d
040 _aGCL /
_cGCL
082 0 4 _a961.208
_bم ل
100 1 _aمجموعة من الاساتذة
245 1 0 _aليبيا الثورة فى عشرين عام 1989-1969 التحويلات السياسية والاقتصادية والاجتماعية /
_cمجموعة من الاساتذة
260 _a[S.N] :
_bاللجنة الشعبية العامة للاعلام والثقافة ،
_c1989
300 _a696 ص
490 _a
650 0 4 _aالتنمية الاجتماعية
650 0 4 _aليبيا
650 0 4 _aالتنمية الاقتصادية
650 0 4 _aمعمر القذافى
650 0 4 _aالتنمية الزراعية
650 0 4 _aالتنمية الصناعية
942 _2ddc
_cBK
999 _c36101
_d36101